000
00300nam a22001337a 4500
008
170130b xxu||||| |||| 00| 0 eng d
020
_a
9780078231346
041
_a
eng
080
_2
3RD
_a
61
100
_a
3
101
_a
SHMI
245
_a
COMPUTERS MEDICAL OFFICE
_c
SANDERSON, S.M
942
_2
udc
_c
BK
999
_c
3960
_d
3960